Biện pháp quản lý hoạt động dạy nghề ở trường trung cấp nghề thanh niên dân tộc - miền núi Quảng Nam
Trên cơ sở nghiên cứu lý luận về quản lý hạt động dạy nghề ở trường TCN và khảo sát, đánh giá thực trạng quản lý hạt động dạy nghề ở Trường TCN Thanh niên Dân tộc - Miền núi Quảng Nam; qua đó, đề xuất các biện pháp quản lý hạt động dạy nghề nhằm nâng cao hiệu quả quản lý hạt động dạy nghề, góp phần...
Đã lưu trong:
| Hovedforfatter: | |
|---|---|
| Andre forfattere: | |
| Format: | Bog |
| Sprog: | Vietnamese |
| Udgivet: |
Đà Nẵng
Trường Đại học sư phạm Đà Nẵng
2017
|
| Fag: | |
| Tags: |
Tilføj Tag
Ingen Tags, Vær først til at tagge denne postø!
|
| Thư viện lưu trữ: | Mạng thư viện Đại học Đà Nẵng |
|---|
| LEADER | 02015nam a2200349 4500 | ||
|---|---|---|---|
| 001 | 000025040 | ||
| 003 | 21531 | ||
| 005 | 20170419160407.0 | ||
| 008 | 170417s2017 viesd | ||
| 041 | |a vie | ||
| 082 | 1 | 4 | |a 373.246 |b HU-H |
| 100 | 1 | |a Huỳnh Công Hải | |
| 245 | 1 | |a Biện pháp quản lý hoạt động dạy nghề ở trường trung cấp nghề thanh niên dân tộc - miền núi Quảng Nam |c Huỳnh Công Hải ; Nguyễn Quang Giao hướng dẫn. |k Luận văn Thạc sĩ | |
| 260 | |a Đà Nẵng |b Trường Đại học sư phạm Đà Nẵng |c 2017 | ||
| 300 | |a 97 tr., phụ lục 21 tr. |c 29 cm. |e Tóm tắt | ||
| 500 | |a Luận văn thạc sĩ Giáo dục học. Chuyên ngành: Quản lý giáo dục. Mã số: 60.14.01.14 | ||
| 520 | 3 | |a Trên cơ sở nghiên cứu lý luận về quản lý hạt động dạy nghề ở trường TCN và khảo sát, đánh giá thực trạng quản lý hạt động dạy nghề ở Trường TCN Thanh niên Dân tộc - Miền núi Quảng Nam; qua đó, đề xuất các biện pháp quản lý hạt động dạy nghề nhằm nâng cao hiệu quả quản lý hạt động dạy nghề, góp phần nâng cao chất lượng DN của nhà trường. | |
| 650 | 0 | 4 | |a Giáo dục nghề |v Luận văn tốt nghiệp |x Thanh niên dân tộc miền núi |z Quảng Ngãi |
| 653 | |a Quản lý giáo dục | ||
| 653 | |a Giáo dục dạy nghề | ||
| 653 | |a Thanh niên dân tộc miền núi | ||
| 700 | 1 | |a Nguyễn Quang Giao |c PGS.TS. |e Hướng dẫn | |
| OWN | |a LSP | ||
| AVA | |a UDN50 |b LSP |d 373.246 HU-H |e available |t Error 5001 Not defined in file expand_doc_bib_avail. |f 1 |g 0 |h N |i 0 |k 1 | ||
| 999 | |a From the UDN01 | ||
| AVA | |a UDN50 |b LSP |d 373.246 HU-H |e available |t Error 5001 Not defined in file expand_doc_bib_avail. |f 1 |g 0 |h N |i 0 |k 1 | ||
| TYP | |a Monograph | ||
| TYP | |a Printed language | ||
| 980 | |a Mạng thư viện Đại học Đà Nẵng | ||